| 000 | 01096nam a2200313 a 4500 | ||
|---|---|---|---|
| 001 | 60679 | ||
| 003 | BD-RjUL | ||
| 005 | 20211209080854.0 | ||
| 008 | 170102s2004 dcua b 000 0 eng d | ||
| 020 | _a0821358960 | ||
| 020 | _a0821358979 | ||
| 035 | _a(BD-RjUL)60803 | ||
| 040 |
_aDLC _cDLC _dDLC _beng |
||
| 041 | _aeng | ||
| 082 | 0 | 0 |
_a337.14 _223 _bFRT 2004 |
| 100 | 1 |
_aFreinkman, Lev M. _9180762 |
|
| 245 | 1 | 0 |
_aTrade performance and regional integration of the CIS countries / _cLev Freinkman, Evgeny Polyakov, Carolina Revenco. |
| 260 |
_aWashington, DC : _bWorld Bank, _c2004. |
||
| 300 |
_aix, 69 p : _bill. ; _c26 cm. |
||
| 504 | _aIncludes bibliographical references (p. 67-69). | ||
| 651 | 0 |
_aFormer Soviet republics _xCommerce. _9180764 |
|
| 651 | 0 |
_aFormer Soviet republics _xCommercial policy. _9180765 |
|
| 651 | 0 |
_aFormer Soviet republics _xEconomic integration. _9180766 |
|
| 700 | 1 |
_aPolyakov, Evgeny. _9180767 |
|
| 700 | 1 |
_aRevenco, Carolina, _d1974- _9180768 |
|
| 942 |
_2ddc _cBK |
||
| 999 |
_c60679 _d60679 |
||